| 000 | 01064cab a2200217 4500 | ||
|---|---|---|---|
| 001 | ABS68636 | ||
| 008 | 050124n2005 000 0 eng u | ||
| 035 | _a(Sirsi) u128585 | ||
| 245 | _aLet battle commence | ||
| 260 | _c2005 | ||
| 490 |
_aInside Housing _v22(1) 7 January 2005, 16-20(5) |
||
| 520 | _aPresents the results of a telephone survey of the views of senior council housing and housing association staff on the government housing record. Tables cover responses to questions on the big housing issues, new housing sector ideas in 2004, the biggest challenges facing the sector in 2005 and the prevailing mood in the sector. Concludes that the majority of the sector is at least relatively pleased with the government performance so far and at least two-thirds of senior housing professionals want Labour to win the forthcoming election. | ||
| 590 | _aABS | ||
| 650 | _aSOCIAL HOUSING | ||
| 650 | _aHOUSING ASSOCIATIONS | ||
| 650 | _aSURVEYS | ||
| 650 | _aGOVERNMENT POLICIES | ||
| 650 | _aHOUSING POLICIES | ||
| 690 | _aHOUSING | ||
| 942 | _n0 | ||
| 999 |
_c74740 _d74740 |
||